Statistics for Државе које користе евро

Click here to take the quiz!

General Stats

  • This quiz has been taken 115 times
  • The average score is 15 of 20

Answer Stats

ГодинаДржава% Correct
1999Италија
96%
2023Хрватска
96%
1999Немачка
95%
1999Француска
93%
1999Шпанија
92%
2007Словенија
85%
1999Аустрија
84%
2001Грчка
83%
1999Португалија
83%
1999Белгија
78%
1999Холандија
77%
2009Словачка
77%
1999Луксембург
68%
2014Летонија
66%
2015Литванија
65%
2011Естонија
64%
1999Финска
60%
1999Ирска
50%
2008Малта
50%
2008Кипар
46%

Score Distribution

Percentile by Number Answered

Percent of People with Each Score

Your Score History

You have not taken this quiz